Представление документа в формате RUSMARC

ПолеНазваниеЗначение
  Тип записи a
  Библиографический уровень m
001 Контрольный номер bd9f3644aea14bc6a28a7e3a74ad963b
005 Дата корректировки 20251219144016.7
010 Индекс ISBN __
a ISBN 978-5-907842-50-2
9 Тираж 2000 экз.
d Цена 243-46
100 Данные общей обработки __
a Данные общей обработки 20250627d2024 c y0rusy028902 ca
101 Язык документа 0_
a Язык текста rus
102 Страна публикации __
a Страна публикации RU
105 Кодированные данные (монография) __
a Кодированные данные (монография) a z 000yy
181 Поле кодированных данных: вид содержания _0
a Код вида содержания (ISBD) i
181 Поле кодированных данных: вид содержания _0
a Код вида содержания (ISBD) b
182 Поле кодированных данных: тип средства _0
a Код типа средства (ISBD) n
200 Заглавие и сведения об ответственности 1_
a Заглавие Царское Село
e Сведения, относящиеся к заглавию [для младшего школьного возраста : для чтения взрослыми детям]
f Первые сведения об ответственности Елена Литвяк
g Последующие сведения об ответственности художник Елена Поповская
203 Вид содержания и тип средства __
a Вид содержания Текст
a Вид содержания Изображение
c Тип средства непосредственные
205 Сведения об издании __
a Основные сведения об издании 4-е издание
210 Выходные данные 1_
a Место издания Москва
c Издательство Настя и Никита
d Дата издания 2024
215 Физическое описание __
a Объем 23, [1] с.
c Иллюстрации/тип воспроизводства цв. ил.
d Формат 27 см
225 Серия 2_
a Серия Настя и Никита
v Обозначение тома вып. 135
330 Аннотация __
a Аннотация Что это за место такое - Царское село? Почему у этого места сразу три названия? Здесь находилась летняя резиденция русских царей с великолепными дворцами и огромным прекрасным парком. В Царскосельском лицее учился юный Пушкин. Книга знакомит читателей с удивительной судьбой этого заповедного уголка России, пережившего не только счастливые, но и драматичные времена.
333 Примечание о целевом назначении __
a Примечание о целевом назначении 6+. Для детей старше шести лет
600 Персоналии _1
a Персоналии (Фамилия) Пушкин
f Даты 1799-1837
g Полное имя Александр Сергеевич
2 Код системы nlr_sh
b Персоналии (Имя) А. С.
606 Тематические рубрики __
a Основная рубрика История
2 Код системы nlr_sh
606 Тематические рубрики __
a Основная рубрика История России в целом
y Географическая подрубрика Россия
y Географическая подрубрика Санкт-Петербург
y Географическая подрубрика Царское Село
2 Код системы nlr_sh
610 Ключевые слова 0_
a Ключевые слова детская литература
610 Ключевые слова 0_
a Ключевые слова познавательная литература
610 Ключевые слова 0_
a Ключевые слова дворцово-парковые ансамбли
610 Ключевые слова 0_
a Ключевые слова дворцово-парковые комплексы
610 Ключевые слова 0_
a Ключевые слова дворцы
610 Ключевые слова 0_
a Ключевые слова история городов
610 Ключевые слова 0_
a Ключевые слова лицеи
610 Ключевые слова 0_
a Ключевые слова музеи
610 Ключевые слова 0_
a Ключевые слова памятники архитектуры
610 Ключевые слова 0_
a Ключевые слова парки
610 Ключевые слова 0_
a Ключевые слова поэты
610 Ключевые слова 0_
a Ключевые слова русские писатели
686 Индексы других классификаций __
2 Код системы rubbks
a Классификационный индекс мл63.3(2)
700 Автор _1
a Фамилия Литвяк
b Имя Е. В.
f Даты 1974-
g Полное личное имя Елена Викторовна
4 Код отношения 070
702 Вторичная интеллектуальная ответственность _1
a Фамилия Поповская
b Имя Е. А.
g Полное личное имя Елена Алексеевна
4 Код отношения 440
801 Источник записи _0
a Страна RU
b Организация Муниципальное бюджетное учреждение культуры "Централизованная библиотечная система" г. Сургут (Центральная городская библиотека им. А. С. Пушкина)
c Дата составления 20250627
g Правила каталогизации PSBO
801 Источник записи _1
a Страна RU
b Организация Муниципальное бюджетное учреждение культуры "Централизованная библиотечная система" г. Сургут (Центральная городская библиотека им. А. С. Пушкина)
c Дата составления 20250627
g Правила каталогизации PSBO
852 Данные о местонахождении __
j Шифр хранения мл63.3(2)
i Авторский знак Л 64
900 Макрообъекты __
a Макрообъекты Царское Село. Литвяк, Е. В., 2024
901 Тип документа __
t Тип документа m
a Ответственный ООФиК/Волкова
903 Характеристики (МАРС) __
a Дата передачи 20250627
c Наименование библиотеки (МАРС) Муниципальное бюджетное учреждение культуры "Централизованная библиотечная система" г. Сургут (Центральная городская библиотека им. А. С. Пушкина)
969 Тип издания __
a Тип издания брошюра
a Тип издания издание для детей
990 Данные о заказе (DOS) __
j Количество экземпляров (DOS) 5
t N записи в КСУ для И/У (DOS) 202507